000 00291nam a22001337a 4500
008 170814b xxu||||| |||| 00| 0 eng d
020 _a9781570399190
041 _aeng
080 _a51
100 _a36
101 _aMAT
245 _aEVERY DAY MATHEMATICS
_cELENA.V.P
942 _2udc
_cBK
999 _c23400
_d23400